00692nam a2200145Ia 4500008004100000100002500041245008800066245016200154260005300316260000900369650001500378856006100393999001900454952007300473170221s9999 xx 000 0 und d aDiana N. Davletbaeva 4aThe Model of Formation of Patriotism at Schoolchildren by Means of Folk Pedagogics  cDiana N. Davletbaeva, Elena L. Iakovleva, Diana F. Kajumova, Anna A. Karimova, Aida G. Sadykova, Elena V. Shvetsova, Elmira M. Vildanova, Dariya Z. Yarhamova bInternational Review of Management and Marketing c2013 xMarketing. uhttp://www.econjournals.com/index.php/irmm/issue/view/71 c310474d310474 001040aCLbCLd2017-02-21l0r2017-02-21 00:00:00w2017-02-21yFOJ